00547cam a2200169 a 4500020001500000082001500015100002000030245003500050250001200085260006500097300002800162650002900190700002200219700001800241856005500259856006300314 a075063286000a647.95/DAV1 aDavis, Bernard.10aFood and beverage management / a3rd ed. aOxford, [England] ;aBoston :bButterworth-Heinemann,c1998. axviii, 392 p. :bill. ; 0aFood service management.1 aLockwood, Andrew.1 aStone, Sally.41uhttp://www.loc.gov/catdir/toc/els033/98184730.html42uhttp://www.loc.gov/catdir/description/els033/98184730.html